5 steps to understand cholestrol / (Record no. 2483)

000 -LEADER
fixed length control field nam a22 a 4500
003 - CONTROL NUMBER IDENTIFIER
control field AKMAL
005 - DATE AND TIME OF LATEST TRANSACTION
control field 20170516162509.0
008 - FIXED-LENGTH DATA ELEMENTS--GENERAL INFORMATION
fixed length control field 170516s200? my e 000 0 eng d
020 ## - INTERNATIONAL STANDARD BOOK NUMBER
International Standard Book Number 9789831979396 (pbk.)
039 #9 - LEVEL OF BIBLIOGRAPHIC CONTROL AND CODING DETAIL [OBSOLETE]
Level of rules in bibliographic description 201005191622
Level of effort used to assign nonsubject heading access points shuhada
040 ## - CATALOGING SOURCE
Original cataloging agency AKMAL
Transcribing agency AKMAL
049 ## - LOCAL HOLDINGS (OCLC)
Holding library klpmal
082 04 - DEWEY DECIMAL CLASSIFICATION NUMBER
Classification number 613.284 ARO
Edition number 22
090 20 - LOCALLY ASSIGNED LC-TYPE CALL NUMBER (OCLC); LOCAL CALL NUMBER (RLIN)
Classification number (OCLC) (R) ; Classification number, CALL (RLIN) (NR) 613.284
Local cutter number (OCLC) ; Book number/undivided call number, CALL (RLIN) ARO
100 1# - MAIN ENTRY--PERSONAL NAME
Personal name Arora, Anjali
Titles and words associated with a name Dr.
9 (RLIN) 5122
245 10 - TITLE STATEMENT
Title 5 steps to understand cholestrol /
Statement of responsibility, etc. Dr. Anjali Arora
246 30 - VARYING FORM OF TITLE
Title proper/short title Five steps to understand cholestrol
260 ## - PUBLICATION, DISTRIBUTION, ETC.
Place of publication, distribution, etc. Kuala Lumpur :
Name of publisher, distributor, etc. SynergyMedia,
Date of publication, distribution, etc. [200?]
300 ## - PHYSICAL DESCRIPTION
Extent 64p. :
Other physical details col.ill. ;
Dimensions 22cm.
650 10 - SUBJECT ADDED ENTRY--TOPICAL TERM
Topical term or geographic name entry element Cholesterol
General subdivision Health aspects
9 (RLIN) 5157
942 ## - ADDED ENTRY ELEMENTS (KOHA)
Source of classification or shelving scheme
Koha item type Book
Holdings
Withdrawn status Lost status Source of classification or shelving scheme Damaged status Not for loan Collection code Home library Current library Date acquired Inventory number Total Checkouts Full call number Barcode Date last seen Price effective from Koha item type
          NON-FICTION AKMAL Melaka AKMAL Melaka 16.05.2017 602600   613.284 ARO 201703138 16.05.2017 16.05.2017 Book
          NON-FICTION AKMAL Melaka AKMAL Melaka 16.05.2017 602599   613.284 ARO 201703137 16.05.2017 16.05.2017 Book
Pusat Sumber Maklumat Dato' Haji Sarmin Md Hussin, Akademi Kastam Diraja Malaysia, Melaka
Tel: 06-2331106 | Faks: 06-2313787